000 00360nam a2200133Ia 4500
008 240624s9999 xx 000 0 und d
041 _aeng
082 _a658.4092 DES
100 _aDESCHAMPS JEAN PHILIPPE
245 _aINNOVATION LEADERS HOW SENIOR EXECUTIVES
260 _c2008
_aSan Francisco
_bJossey-Bass
300 _a433 : p. : cm. ; 22
365 _c
_b28
999 _c27981
_d27981